Complete the lyrics quiz - Statistics

General Stats
  • This quiz has been taken 126 times
  • The average score is 3 of 8
Answer Stats
Artist Answer % Correct
I’m a ____ girl in a ___ world so fantastic life is plastic Barbie
93%
We are the_______ my friend and we’ll keep on fighting til the end Champions
82%
______all my troubles seemed so far away now it looks as though they’re here to stay oh____ came suddenly Yesterday
46%
I like _____ ____ and i cannot lie you other brothers cant deny Big butts
42%
They said don’t you ever come around here don’t want to see your face you better disappear the fires in their eyes and their words are really clear so____ Beat it
27%
If you want to be with me baby theres a price to pay I’m a_____ __ _____ you gotta ask me the right way Genie in a bottle
22%
I’m beggining to feel like a____ ____ all my people from the front to the back nod back nod Rap god
12%
She wore a___ the kind you’d find at a second hand store Raspberry beret
12%
No matching quizzes found
Score Distribution
Percent of People with Each Score
Percentile by Number Answered
Your Score History
You have not taken this quiz